00778nam a2200181 a 450000100100000000500170001000800410002704000250006808200180009311000610011124000180017224500800019026000530027030000210032359000610034495201740040599900170057900004579520240307073950.0110209s2004 dr 000 0 spa d aDO-SdBNPbspacBNPHU a342.07bR426c1 aRepública Dominicana.b Junta Central Electoral96460510a[Leyes, etc.]10aCompilación de la legislación electoral de la República Dominicana /. aSanto Domingo :bJunta Central Electoral,c2004. a287 p. ;c21 cm. aPerteneció a la biblioteca personal de Erick Landestoy 0010718PDaPDbPDcCTd2015-05-14iLF1l0o342.07 R426cp45795-10r2020-06-25w2020-06-25yLFPDzPerteneció a la biblioteca personal de Erick LandestoyZNo se presta c45284d45284